| 000 | 01467cam a2200373 a 4500 | ||
|---|---|---|---|
| 001 | 11855837 | ||
| 003 | LC | ||
| 005 | 20160229144715.0 | ||
| 008 | 991206s2000 nyu b 000 1 eng | ||
| 010 | _a 99059208 | ||
| 020 | _a0375410538 (alk. paper) | ||
| 040 |
_aDLC _cDLC _dDLC |
||
| 043 | _aa-ce--- | ||
| 050 | 0 | 0 |
_aPR 9199.3 _b.On5A84 2000 |
| 082 | 0 | 0 |
_aFIC _bOn2 2000 |
| 100 | 1 |
_aOndaatje, Michael, _d1943- _920483 |
|
| 245 | 1 | 0 |
_aAnil's ghost / _cMichael Ondaatje. |
| 250 | _a1st ed. | ||
| 260 |
_aNew York : _bAlfred A. Knopf, _c2000. |
||
| 300 |
_a311 p. : _c19 cm. |
||
| 650 | 0 |
_aWomen forensic anthropologists _vFiction. _920484 |
|
| 650 | 0 |
_aDead _xIdentification _vFiction. _920485 |
|
| 650 | 0 |
_aHuman rights workers _vFiction. _920486 |
|
| 651 | 0 |
_aSri Lanka _vFiction. _920487 |
|
| 655 | 7 |
_aDetective and mystery stories. _2gsafd _93472 |
|
| 655 | 7 |
_aPsychological fiction. _2lcsh _92883 |
|
| 856 | 4 | 2 |
_3Contributor biographical information _uhttp://www.loc.gov/catdir/bios/random059/99059208.html |
| 856 | 4 | 1 |
_3Sample text _uhttp://www.loc.gov/catdir/samples/random051/99059208.html |
| 856 | 4 | 2 |
_3Publisher description _uhttp://www.loc.gov/catdir/description/random0415/99059208.html |
| 906 |
_a7 _bcbc _corignew _d1 _eocip _f19 _gy-gencatlg |
||
| 942 |
_2lcc _cBK |
||
| 999 |
_c11522 _d11522 |
||